000 00664nam a2200241Ia 4500
003 OSt
005 20221005120909.0
006 a|||||r|||| 00| 0
007 ta
008 221004b |||||||| |||| 00| 0 eng d
024 _a18292
037 _bGift, 29/05/2015,
_cTextual
040 _aCRL
_cCRL
_beng
041 _2eng
_aeng
082 _aO111,3K59,4, G1
100 _aDefoe Daniel
245 0 _aFortunes and misfortunes of the famous moll flanders
260 _c1931
300 _axix,300p.
_ccm.
650 _aENGLISH LITERATURE
942 _hO111,3K59,4, G1
_cTEXL
_2cc
999 _c1039467
_d1039467